00493nam a2200157 a 450000500170000000800410001702000180005805000220007610000240009824500690012226000540019130000110024544000440025665000200030065000150032020140412111221.0010327s19uu xx 00 eng d a0-313-27842-3 aM 025.1bC62 1992 aCocharan, Wesley J. aTime management handbook for librarians /cby J. Wesley Cochran. aWestport City, U. S. A :bGreenwood Press,c1992. a139 p. aGreenwood Library Management Collection aTime management aLibrarians